পাশ্চাত্ত্য দর্শনের ইতিহাস / (Record no. 37996)
[ view plain ]
| 000 -LEADER | |
|---|---|
| fixed length control field | 00840nam a22002177a 4500 |
| 001 - CONTROL NUMBER | |
| control field | 37996 |
| 003 - CONTROL NUMBER IDENTIFIER | |
| rucl marc code | BD-RjUL |
| 005 - DATE AND TIME OF LATEST TRANSACTION | |
| control field | 20211209052713.0 |
| 008 - FIXED-LENGTH DATA ELEMENTS--GENERAL INFORMATION | |
| fixed length control field | 150823s1980 ii a|||| |||| 001 0 ben d |
| 035 ## - SYSTEM CONTROL NUMBER | |
| System control number | (BD-RjUL)38101 |
| 040 ## - CATALOGING SOURCE | |
| Original cataloging agency | BD-RjUL |
| Language of cataloging | ben |
| Transcribing agency | BD-RjUL |
| 041 ## - LANGUAGE CODE | |
| Language code of text/sound track or separate title | ben |
| 082 ## - DEWEY DECIMAL CLASSIFICATION NUMBER | |
| Classification number | 190.9 |
| Author mark and year | BHP 1980 |
| Edition number | 23 |
| 100 ## - MAIN ENTRY--PERSONAL NAME | |
| Personal name | ভট্রাচার্য, চন্দোদয় |
| 9 (RLIN) | 117690 |
| 245 10 - TITLE STATEMENT | |
| Title | পাশ্চাত্ত্য দর্শনের ইতিহাস / |
| Statement of responsibility, etc. | চন্দোদয় ভট্রাচার্য |
| 260 ## - PUBLICATION, DISTRIBUTION, ETC. (IMPRINT) | |
| Place of publication, distribution, etc. | কলিকাতা : |
| Name of publisher, distributor, etc. | পশ্চিমবঙ্গ রাজ্য পুস্তক পরিষদ, |
| Date of publication, distribution, etc. | ১৯৮০ |
| 300 ## - PHYSICAL DESCRIPTION | |
| Pagination | [২২], ১৫১ পৃ. ; |
| Size | ২২ সেমি. |
| 500 ## - GENERAL NOTE | |
| General note | Includes index. |
| 650 ## - SUBJECT ADDED ENTRY--TOPICAL TERM | |
| Topical term or geographic name as entry element | Philosophy |
| General subdivision | History |
| 9 (RLIN) | 117691 |
| 942 ## - ADDED ENTRY ELEMENTS (KOHA) | |
| Source of classification or shelving scheme | Dewey Decimal Classification |
| Koha item type | Books |
| Lost status | Source of classification or shelving scheme | Damaged status | Not for loan | Collection code | Permanent Location | Current Location | Shelving location | Date acquired | Source of acquisition | Cost, normal purchase price | Total Checkouts | Full call number | Date last seen | Date checked out | Copy number | Koha item type |
|---|---|---|---|---|---|---|---|---|---|---|---|---|---|---|---|---|
| Dewey Decimal Classification | Non-fiction | Central Library, University of Rajshahi | Central Library, University of Rajshahi | 12/06/1984 | Alighar Libarary | 18.00 | 2 | B 190.9 BHP 1980 | 03/05/2018 | 17/04/2018 | C-10 | Books | ||||
| Dewey Decimal Classification | Non-fiction | Central Library, University of Rajshahi | Central Library, University of Rajshahi | 12/06/1984 | Alighar Libarary | 18.00 | 1 | B 190.9 BHP 1980 | 24/05/2017 | 20/03/2017 | C-8 | Books | ||||
| Dewey Decimal Classification | Non-fiction | Central Library, University of Rajshahi | Central Library, University of Rajshahi | 12/06/1984 | Alighar Libarary | 18.00 | B 190.9 BHP 1980 | 23/08/2015 | C-9 | Books | ||||||
| Dewey Decimal Classification | Non-fiction | Central Library, University of Rajshahi | Central Library, University of Rajshahi | 12/06/1984 | Alighar Libarary | 18.00 | B 190.9 BHP 1980 | 23/08/2015 | C-7 | Books | ||||||
| Dewey Decimal Classification | Non-fiction | Central Library, University of Rajshahi | Central Library, University of Rajshahi | 07/07/1982 | Aligorh Library, Rajshahi | 48.00 | B 190.9 BHP 1980 | 28/05/2016 | C-6 | Books | ||||||
| Dewey Decimal Classification | Non-fiction | Central Library, University of Rajshahi | Central Library, University of Rajshahi | 07/07/1982 | Aligorh Library, Rajshahi | 48.00 | B 190.9 BHP 1980 | 29/05/2016 | C-5 | Books | ||||||
| Dewey Decimal Classification | Not For Loan | Non-fiction | Central Library, University of Rajshahi | Central Library, University of Rajshahi | Reading Room | 12/03/1984 | Tulip Enterprise, Dhaka | 6.00 | B 190.9 BHP 1980 | 07/12/2016 | C-1 | Books |